| 000 | 00727nam a2200205Ii 4500 | ||
|---|---|---|---|
| 003 | JO-AjNU | ||
| 008 | 230605s9999||||xx |||||||||||||| ||und|| | ||
| 040 |
_aJO-AjNU _bara _erda _cJO-AjNU |
||
| 041 | _aara | ||
| 050 | 1 | 4 | _aDS36.88.I276 2003 |
| 100 | 3 |
_aمحمود، ابراهيم, _eauthor _924485 |
|
| 245 | 0 | 0 | _aالثقافة العربية المعاصرة: صراع الإحداثيات والمواقع |
| 250 | _aط1 | ||
| 264 | 3 | 1 | _aاللاذقية: دار الحوار للنشر والتوزيع، 2003 |
| 300 | _a304ص | ||
| 336 |
_atext _btxt _2rdacontent |
||
| 337 |
_aunmediated _bn _2rdamedia |
||
| 338 |
_avolume _bnc _2rdacarrier |
||
| 650 | 4 |
_aحياة ثقافية- الحضارة العربية _924486 |
|
| 999 |
_aA9025 _c12593 _d12593 |
||